000 00973nam a2200265Ia 4500
003 OSt
005 20221005103811.0
006 a|||||r|||| 00| 0
007 ta
008 221004b |||||||| |||| 00| 0 hin d
020 _a9788191067408 (hbk)
_c450
024 _a7063
037 _b147, 29/08/2013, Swaraj Prakashan
_cTextual
040 _aCRL
_cCRL
_bhin
041 _2hin
_ahin
082 _aO152,6M96:g, Q0
100 _aबुद्धिराजा, मीना
245 0 _aनिराला के आलोचनात्मक निबन्ध
246 _aNirālā ke ālochanātmak nibandha
260 _aदिल्ली
_bईशा ज्ञानदीप भारत
_c2010
300 _a106पृ0
_ccm.
650 _aहिन्दी साहित्य
942 _hO152,6M96:g, Q0
_cTEXL
_2cc
999 _c1010950
_d1010950